Вып. 16; Вентиляция и кондиционирование воздуха

Bibliographic Details
Parent link:Вентиляция и кондиционирование воздуха: сборник научных трудов/ Рижский политехнический институт. Вып. 16.— , 1968-1990
Language:Russian
Published: 1984
Subjects:
Format: Book
KOHA link:https://koha.lib.tpu.ru/cgi-bin/koha/opac-detail.pl?biblionumber=283892

MARC

LEADER 00000nam2a2200000 4500
001 283892
005 20231101235636.0
035 |a (RuTPU)RU\TPU\book\308029 
035 |a RU\TPU\book\298450 
090 |a 283892 
100 |a 20141112d1984 k y0rusy50 ca 
101 0 |a rus 
102 |a LV 
105 |a a z 001zy 
200 0 |a Вып. 16 
210 |d 1984 
215 |a 126 с.  |c ил. 
320 |a Библиогр. в конце ст. 
461 1 |0 (RuTPU)RU\TPU\book\285071  |t Вентиляция и кондиционирование воздуха  |o сборник научных трудов  |f Рижский политехнический институт  |v Вып. 16  |d 1968-1990 
606 1 |a Вентиляция и кондиционирование воздуха  |2 stltpush  |3 (RuTPU)RU\TPU\subj\2232  |9 30824 
610 1 |a энергия 
610 1 |a экономия 
610 1 |a воздушное отопление 
610 1 |a энергосберегающие системы 
610 1 |a промышленные здания 
610 1 |a тепловлажностный режим 
675 |a 697.9  |v 4 
801 0 |a RU  |b RuMRKP  |c 19950704  |g psbo 
801 1 |a RU  |b 63413507  |c 20150211 
801 2 |a RU  |b 63413507  |c 20170627  |g RCR 
942 |c BK